| 000 | 00588nam a22001932 4500 | ||
|---|---|---|---|
| 001 | 0000001867 | ||
| 005 | 20151217155813.0 | ||
| 008 | 070328s xx 000 0 eng d | ||
| 040 |
_aKABU _cKABU |
||
| 050 | 0 |
_aDT425 _b.P382 |
|
| 100 | 1 |
_aPatterson, J. H. _@0000148695 |
|
| 245 | 1 | 0 |
_aIn the grip of the Nyika : _bfurther adventure in British East Africa. |
| 260 |
_aLondon : _bMacmillan, _c1910. |
||
| 300 | _axiv, 389 p. | ||
| 651 | 0 |
_aAfrica, East _xDescription and travel. _@0000148698 |
|
| 908 | _a070328 | ||
| 950 | _@1 | ||
| 999 |
_c12644 _d12644 |
||